All Iowa Cities on a Map - Statistics

General Stats
  • This quiz has been taken 21 times
  • The average score is 47 of 1017
Answers on the Map
Answers color-coded by a green-red scale on the quiz's map according to % correct below.
 
Answer Stats
City Population % Correct
Des Moines 213,096
100%
Ames 69,026
88%
Cedar Rapids 137,904
88%
Iowa City 76,710
88%
Davenport 100,938
82%
Sioux City 86,875
82%
Council Bluffs 62,665
76%
West Des Moines 73,664
71%
Dubuque 58,987
65%
Waterloo 67,477
65%
Ankeny 76,727
59%
Cedar Falls 41,417
53%
Fort Dodge 24,886
53%
Keokuk 9,462
47%
Mason City 26,948
47%
Bettendorf 40,281
41%
Marshalltown 27,886
41%
Burlington 23,637
35%
Johnston 25,022
35%
Marion 42,542
35%
Ottumwa 25,648
35%
Washington 7,281
35%
Altoona 22,598
29%
Clinton 24,118
29%
Iowa Falls 4,993
29%
Jefferson 4,148
29%
Urbandale 47,759
29%
Waukee 34,420
29%
Clear Lake 7,602
24%
Decatur 174
24%
Estherville 5,796
24%
Hamilton 125
24%
Lincoln 119
24%
Monroe 2,021
24%
Muscatine 23,298
24%
Nevada 7,082
24%
Okoboji 729
24%
Pella 10,965
24%
Sioux Center 8,675
24%
Storm Lake 11,627
24%
Amana 650
18%
Boone 12,461
18%
Clive 19,508
18%
Coralville 23,959
18%
Dyersville 4,559
18%
Fort Madison 9,983
18%
Grimes 17,266
18%
Grinnell 9,495
18%
Hancock 199
18%
Harris 145
18%
Ida Grove 1,988
18%
Jacksonville 6
18%
Knoxville 7,440
18%
Le Mars 10,674
18%
Newton 15,709
18%
Norwalk 15,396
18%
Salem 380
18%
Spencer 11,418
18%
Spirit Lake 5,548
18%
Waukon 3,799
18%
Webster 94
18%
Webster City 7,763
18%
Adel 6,763
12%
Akron 1,545
12%
Algona 5,341
12%
Alta 2,039
12%
Aplington 1,088
12%
Arlington 415
12%
Arnolds Park 1,214
12%
Audubon 2,008
12%
Bondurant 9,511
12%
Brandon 331
12%
Brooklyn 1,474
12%
Carroll 10,125
12%
Charles City 7,081
12%
Cherokee 5,186
12%
Clarinda 5,334
12%
Clarksville 1,238
12%
Clayton 45
12%
Creston 7,421
12%
Dallas Center 1,993
12%
Decorah 7,454
12%
Delaware 139
12%
Denison 8,302
12%
Denver 1,955
12%
DeWitt 5,620
12%
Dike 1,293
12%
Dows 509
12%
Emmetsburg 3,632
12%
Fayette 1,193
12%
Floyd 297
12%
Fort Atkinson 300
12%
Franklin 133
12%
Fremont 688
12%
Gilbert 1,397
12%
Greene 971
12%
Greenville 69
12%
Grundy Center 2,821
12%
Guthrie Center 1,579
12%
Hawarden 2,630
12%
Hiawatha 7,347
12%
Hills 911
12%
Holstein 1,475
12%
Hull 2,459
12%
Humboldt 4,774
12%
Huxley 4,737
12%
Indianola 16,297
12%
Ireton 571
12%
Lamoni 2,072
12%
Lansing 959
12%
La Porte City 2,267
12%
Lewis 358
12%
Madrid 2,824
12%
Maquoketa 6,064
12%
Marcus 1,069
12%
Milford 3,258
12%
Mount Pleasant 8,509
12%
New Hartford 555
12%
North Liberty 21,904
12%
Oelwein 5,788
12%
Osage 3,559
12%
Osceola 5,585
12%
Oskaloosa 11,575
12%
Parkersburg 1,986
12%
Perry 8,046
12%
Pocahontas 1,848
12%
Primghar 893
12%
Rochester 45
12%
Rockford 722
12%
Rockwell 1,044
12%
Rockwell City 2,185
12%
Sac City 1,992
12%
Schleswig 820
12%
Shelby 730
12%
Shell Rock 1,265
12%
Springville 1,161
12%
Sumner 2,032
12%
Tama 2,997
12%
Treynor 1,104
12%
Union 378
12%
Urbana 1,635
12%
Vinton 4,962
12%
Wall Lake 739
12%
Wapello 2,026
12%
Waverly 10,576
12%
West Branch 2,876
12%
Westfield 121
12%
Wyoming 526
12%
Ackley 1,538
6%
Adair 792
6%
Albert City 627
6%
Alburnett 672
6%
Alexander 165
6%
Allison 937
6%
Alta Vista 219
6%
Alton 1,248
6%
Alvord 216
6%
Anamosa 5,845
6%
Anthon 534
6%
Archer 116
6%
Aredale 59
6%
Arthur 218
6%
Ashton 434
6%
Atkins 2,168
6%
Atlantic 6,717
6%
Auburn 253
6%
Augusta 47
6%
Aurelia 970
6%
Aurora 165
6%
Battle Creek 683
6%
Bayard 402
6%
Beaver 46
6%
Beaverdale 905
6%
Bedford 1,474
6%
Bellevue 2,321
6%
Belmond 2,405
6%
Benton 40
6%
Bloomfield 2,773
6%
Boyden 694
6%
Bristow 139
6%
Bronson 294
6%
Brunsville 128
6%
Calamus 348
6%
Calmar 1,100
6%
Calumet 144
6%
Camanche 4,536
6%
Cantril 224
6%
Carlisle 4,381
6%
Carter Lake 3,752
6%
Center Point 2,578
6%
Centerville 5,345
6%
Central City 1,254
6%
Centralia 117
6%
Charter Oak 521
6%
Chatsworth 72
6%
Clarion 2,751
6%
Clearfield 277
6%
Cleghorn 235
6%
Colo 856
6%
Coon Rapids 1,258
6%
Corning 1,509
6%
Correctionville 759
6%
Coulter 220
6%
Craig 78
6%
Cresco 3,890
6%
Crystal Lake 243
6%
Cumming 527
6%
Dakota City 764
6%
Danville 910
6%
Dayton 766
6%
Diagonal 331
6%
Donnellson 859
6%
Doon 640
6%
Dumont 614
6%
Eagle Grove 3,615
6%
Eldora 2,595
6%
Elkader 1,192
6%
Elk Run Heights 1,061
6%
Elma 493
6%
Ely 2,371
6%
Evansdale 4,515
6%
Everly 570
6%
Fairbank 1,133
6%
Fairfield 9,511
6%
Farmington 583
6%
Fonda 636
6%
Forest City 4,199
6%
Fostoria 229
6%
Fredericksburg 983
6%
Frederika 206
6%
Galva 416
6%
Garner 3,049
6%
Garwin 469
6%
George 1,106
6%
Gibson 58
6%
Gilbertville 792
6%
Gladbrook 775
6%
Glenwood 5,250
6%
Goldfield 617
6%
Granger 2,095
6%
Grant 82
6%
Granville 302
6%
Greenfield 1,988
6%
Guttenberg 1,804
6%
Hampton 4,340
6%
Harlan 4,898
6%
Harper 117
6%
Harpers Ferry 273
6%
Hartford 729
6%
Hartley 1,584
6%
Hawkeye 429
6%
Henderson 140
6%
Hinton 959
6%
Holland 261
6%
Hospers 703
6%
Hudson 2,916
6%
Independence 6,266
6%
Inwood 962
6%
Janesville 1,052
6%
Jesup 2,541
6%
Kingsley 1,394
6%
Kingston 70
6%
Klemme 429
6%
Lake City 1,656
6%
Lake Mills 2,077
6%
Lake Park 1,155
6%
Lake View 1,120
6%
Lakota 261
6%
Larchwood 954
6%
Latimer 477
6%
Lawton 949
6%
Leighton 153
6%
Lenox 1,355
6%
Lester 309
6%
Lime Springs 467
6%
Lisbon 2,238
6%
Little Rock 447
6%
Logan 1,351
6%
Lynnville 382
6%
Malcom 257
6%
Manchester 5,283
6%
Manly 1,233
6%
Marble Rock 258
6%
Marysville 46
6%
Masonville 98
6%
Matlock 74
6%
Maurice 271
6%
Mediapolis 1,679
6%
Melrose 110
6%
Melvin 196
6%
Meriden 175
6%
Merrill 713
6%
Milton 395
6%
Missouri Valley 2,638
6%
Mitchell 118
6%
Monona 1,462
6%
Montrose 734
6%
Morrison 101
6%
Moscow 494
6%
Mount Ayr 1,616
6%
Mount Sterling 32
6%
Mount Vernon 4,518
6%
Nashua 1,515
6%
New Albin 435
6%
Newell 850
6%
New Hampton 3,433
6%
Nora Springs 1,330
6%
North Washington 107
6%
Northwood 2,047
6%
Oakland 1,519
6%
Oakville 198
6%
Ocheyedan 424
6%
Odebolt 967
6%
Olds 174
6%
Orange City 6,547
6%
Orleans 503
6%
Ossian 777
6%
Oyens 88
6%
Palmer 137
6%
Paullina 979
6%
Peosta 2,195
6%
Pierson 335
6%
Plainfield 392
6%
Plymouth 368
6%
Polk City 6,430
6%
Pomeroy 511
6%
Popejoy 76
6%
Prairie City 1,722
6%
Prescott 186
6%
Princeton 917
6%
Protivin 264
6%
Quimby 245
6%
Randolph 183
6%
Raymond 754
6%
Readlyn 857
6%
Redding 64
6%
Red Oak 5,420
6%
Reinbeck 1,673
6%
Rembrandt 199
6%
Remsen 1,681
6%
Riceville 807
6%
Ringsted 346
6%
Riverside 1,063
6%
Robins 3,362
6%
Rock Rapids 2,709
6%
Rock Valley 4,024
6%
Roland 1,376
6%
Rudd 339
6%
Russell 475
6%
Ruthven 710
6%
Sanborn 1,463
6%
Schaller 702
6%
Sergeant Bluff 5,335
6%
Sheldon 5,584
6%
Shellsburg 987
6%
Shenandoah 4,878
6%
Shueyville 725
6%
Sibley 2,787
6%
Sidney 1,048
6%
Silver City 244
6%
Sioux Rapids 722
6%
Sloan 1,078
6%
Solon 3,284
6%
St. Ansgar 1,172
6%
St. Lucas 167
6%
St. Marys 116
6%
Story City 3,439
6%
St. Paul 105
6%
Strawberry Point 1,141
6%
Struble 72
6%
Stuart 1,887
6%
Sully 891
6%
Superior 127
6%
Sutherland 628
6%
Swisher 909
6%
Terril 310
6%
Tiffin 6,695
6%
Tipton 3,059
6%
Toledo 2,372
6%
Traer 1,547
6%
Tripoli 1,208
6%
Truro 515
6%
University Heights 1,188
6%
Ute 326
6%
Van Meter 1,840
6%
Ventura 701
6%
Victor 852
6%
Wahpeton 337
6%
Walcott 1,556
6%
Watkins 47
6%
Wellsburg 709
6%
West Okoboji 311
6%
West Union 2,435
6%
Wheatland 765
6%
Williams 299
6%
Williamsburg 3,380
6%
Winterset 5,421
6%
Woodbine 1,707
6%
Woodward 1,383
6%
Yale 265
6%
Zearing 508
6%
Ackworth 117
0%
Afton 864
0%
Agency 623
0%
Ainsworth 511
0%
Albia 3,579
0%
Albion 444
0%
Alden 738
0%
Alleman 439
0%
Allerton 432
0%
Anderson 28
0%
Andover 106
0%
Andrew 374
0%
Anita 953
0%
Arcadia 588
0%
Argo 11
0%
Argyle 93
0%
Arion 99
0%
Arispe 95
0%
Armstrong 847
0%
Asbury 6,051
0%
Aspinwall 35
0%
Atalissa 287
0%
Avoca 1,685
0%
Ayrshire 128
0%
Badger 540
0%
Bagley 230
0%
Baldwin 99
0%
Balltown 78
0%
Bancroft 677
0%
Bankston 28
0%
Barnes City 152
0%
Barnum 186
0%
Bassett 42
0%
Batavia 434
0%
Baxter 983
0%
Beacon 434
0%
Beaconsfield 14
0%
Beaman 155
0%
Belle Plaine 2,335
0%
Bennett 330
0%
Bentley 185
0%
Berkley 23
0%
Bernard 117
0%
Bertram 267
0%
Bevington 62
0%
Big Rock 12
0%
Birmingham 371
0%
Blairsburg 175
0%
Blairstown 705
0%
Blakesburg 273
0%
Blanchard 29
0%
Blencoe 223
0%
Blockton 123
0%
Blue Grass 1,707
0%
Bode 304
0%
Bonaparte 357
0%
Bouton 125
0%
Boxholm 177
0%
Braddyville 142
0%
Bradford 196
0%
Bradgate 76
0%
Brayton 138
0%
Breda 492
0%
Bridgewater 145
0%
Brighton 592
0%
Britt 2,001
0%
Buckeye 82
0%
Buck Grove 31
0%
Buffalo 1,163
0%
Buffalo Center 839
0%
Burchinal 19
0%
Burr Oak 234
0%
Burt 404
0%
Bussey 378
0%
California Junction 32
0%
Callender 361
0%
Cambridge 844
0%
Carbon 32
0%
Carpenter 92
0%
Carson 772
0%
Cascade 2,396
0%
Casey 387
0%
Castalia 141
0%
Castana 103
0%
Center Junction 125
0%
Chapin 146
0%
Chariton 4,278
0%
Charlotte 386
0%
Chelsea 207
0%
Chester 134
0%
Chillicothe 79
0%
Churdan 359
0%
Cincinnati 280
0%
Clare 133
0%
Clarence 991
0%
Clemons 135
0%
Clermont 571
0%
Climbing Hill 70
0%
Clio 67
0%
Clutier 209
0%
Coalville 652
0%
Coburg 26
0%
Coggon 691
0%
Coin 171
0%
Colesburg 379
0%
Colfax 2,305
0%
College Springs 172
0%
Collins 503
0%
Columbus City 385
0%
Columbus Junction 1,794
0%
Colwell 52
0%
Conesville 350
0%
Conrad 1,098
0%
Conroy 128
0%
Conway 16
0%
Coppock 35
0%
Corley 7
0%
Corwith 259
0%
Corydon 1,563
0%
Cotter 40
0%
Crawfordsville 278
0%
Crescent 626
0%
Cromwell 104
0%
Cumberland 248
0%
Curlew 38
0%
Cushing 225
0%
Cylinder 84
0%
Dana 34
0%
Danbury 315
0%
Davis City 178
0%
Dawson 110
0%
Dedham 221
0%
Deep River 243
0%
Defiance 248
0%
Delhi 438
0%
Delmar 541
0%
Deloit 246
0%
Delphos 22
0%
Delta 257
0%
Denmark 738
0%
Derby 89
0%
De Soto 937
0%
Dexter 631
0%
Diamondhead Lake 283
0%
Dickens 146
0%
Dixon 204
0%
Dolliver 63
0%
Donahue 336
0%
Douds 100
0%
Dougherty 61
0%
Dow City 477
0%
Downey 58
0%
Drakesville 170
0%
Duncan 41
0%
Duncombe 374
0%
Dundee 193
0%
Dunkerton 840
0%
Dunlap 1,030
0%
Durango 15
0%
Durant 1,798
0%
Dysart 1,266
0%
Earlham 1,411
0%
Earling 394
0%
Earlville 713
0%
Early 571
0%
East Amana 53
0%
East Peru 119
0%
Eddyville 965
0%
Edgewood 908
0%
Elberon 178
0%
Eldon 788
0%
Eldridge 6,967
0%
Elgin 676
0%
Elkhart 1,079
0%
Elk Horn 631
0%
Elkport 29
0%
Elliott 328
0%
Ellston 23
0%
Ellsworth 495
0%
Emerson 401
0%
Epworth 2,042
0%
Essex 721
0%
Exira 766
0%
Exline 157
0%
Fairfax 2,937
0%
Fairport 200
0%
Farley 1,723
0%
Farmersburg 264
0%
Farnhamville 364
0%
Farragut 480
0%
Fenton 250
0%
Ferguson 98
0%
Fertile 300
0%
Floris 119
0%
Fontanelle 684
0%
Fraser 107
0%
Fredonia 227
0%
Fruitland 928
0%
Frytown 32
0%
Galt 22
0%
Garber 76
0%
Garden City 67
0%
Garden Grove 173
0%
Garnavillo 751
0%
Garrison 345
0%
Geneva 137
0%
Gillett Grove 31
0%
Gilman 530
0%
Gilmore City 484
0%
Glidden 1,140
0%
Goodell 139
0%
Goose Lake 250
0%
Gowrie 943
0%
Graettinger 810
0%
Graf 76
0%
Grafton 212
0%
Grand Junction 715
0%
Grand Mound 608
0%
Grand River 192
0%
Grandview 431
0%
Gravity 149
0%
Gray 62
0%
Greeley 216
0%
Green Mountain 105
0%
Griswold 975
0%
Gruver 63
0%
Guernsey 59
0%
Halbur 268
0%
Hamburg 863
0%
Hanlontown 200
0%
Hansell 85
0%
Harcourt 257
0%
Hardy 55
0%
Hartwick 91
0%
Harvey 242
0%
Hastings 157
0%
Havelock 127
0%
Haverhill 164
0%
Hayesville 43
0%
Hazleton 711
0%
Hedrick 717
0%
High Amana 80
0%
Hillsboro 158
0%
Holiday Lake 321
0%
Holy Cross 348
0%
Homestead 149
0%
Hopkinton 622
0%
Hornick 255
0%
Houghton 129
0%
Hubbard 837
0%
Humeston 472
0%
Imogene 37
0%
Ionia 220
0%
Irvington 81
0%
Irwin 320
0%
Jackson Junction 38
0%
Jamaica 196
0%
Joice 206
0%
Jolley 28
0%
Kalona 2,762
0%
Kamrar 178
0%
Kanawha 638
0%
Kellerton 241
0%
Kelley 312
0%
Kellogg 597
0%
Kensett 256
0%
Kent Estates 1,863
0%
Keomah Village 107
0%
Keosauqua 944
0%
Keota 888
0%
Keswick 238
0%
Keystone 616
0%
Kimballton 281
0%
Kinross 80
0%
Kirkman 60
0%
Kirkville 159
0%
Kiron 262
0%
Knierim 53
0%
Lacona 336
0%
Ladora 223
0%
Lake Panorama 844
0%
Lakeside 695
0%
Lambs Grove 174
0%
Lamont 429
0%
La Motte 235
0%
Lanesboro 112
0%
Larrabee 116
0%
Laurel 214
0%
Laurens 1,253
0%
Lawler 392
0%
Leando 23
0%
Le Claire 4,776
0%
Ledyard 118
0%
Le Grand 891
0%
Lehigh 395
0%
Leland 240
0%
Leon 1,779
0%
Le Roy 10
0%
Letts 358
0%
Libertyville 278
0%
Lidderdale 162
0%
Linden 206
0%
Lineville 194
0%
Linn Grove 155
0%
Liscomb 292
0%
Little Cedar 35
0%
Little Sioux 170
0%
Livermore 382
0%
Lockridge 245
0%
Lohrville 366
0%
Lone Rock 143
0%
Lone Tree 1,341
0%
Long Grove 849
0%
Lorimor 377
0%
Lost Nation 425
0%
Loveland 46
0%
Lovilia 456
0%
Lowden 767
0%
Lowell 49
0%
Low Moor 242
0%
Luana 303
0%
Lucas 176
0%
Luther 147
0%
Lu Verne 248
0%
Luxemburg 240
0%
Luzerne 111
0%
Lytton 274
0%
Macedonia 266
0%
Macksburg 103
0%
Magnolia 194
0%
Maharishi Vedic City 290
0%
Mallard 255
0%
Maloy 26
0%
Malvern 1,056
0%
Manilla 756
0%
Manning 1,390
0%
Manson 1,646
0%
Mapleton 1,114
0%
Marathon 221
0%
Marengo 2,415
0%
Marne 109
0%
Marquette 434
0%
Martelle 250
0%
Martensdale 413
0%
Martinsburg 109
0%
Massena 352
0%
Maxwell 862
0%
Maynard 466
0%
Maysville 155
0%
McCallsburg 356
0%
McCausland 314
0%
McClelland 147
0%
McGregor 725
0%
McIntire 115
0%
Mechanicsville 974
0%
Melbourne 771
0%
Melcher-Dallas 1,193
0%
Menlo 347
0%
Meservey 212
0%
Middle Amana 739
0%
Middletown 365
0%
Miles 400
0%
Miller 24
0%
Millersburg 135
0%
Millerton 37
0%
Milo 762
0%
Minburn 317
0%
Minden 581
0%
Mineola 115
0%
Mingo 314
0%
Mitchellville 2,686
0%
Modale 284
0%
Mona 25
0%
Mondamin 335
0%
Monmouth 129
0%
Montezuma 1,421
0%
Monticello 4,095
0%
Montour 199
0%
Montpelier 228
0%
Mooar 260
0%
Moorhead 186
0%
Moorland 169
0%
Moravia 625
0%
Morley 94
0%
Morning Sun 702
0%
Moulton 596
0%
Mount Auburn 162
0%
Mount Union 111
0%
Moville 1,707
0%
Murray 609
0%
Mystic 318
0%
Nemaha 65
0%
Neola 917
0%
Newhall 887
0%
New Haven 58
0%
New Liberty 141
0%
New London 1,853
0%
New Market 381
0%
New Providence 233
0%
New Sharon 1,249
0%
New Vienna 384
0%
New Virginia 499
0%
Nichols 317
0%
Nodaway 74
0%
Northboro 52
0%
North Buena Vista 107
0%
North English 1,030
0%
Norway 463
0%
Numa 69
0%
Oak Hills 111
0%
Oakland Acres 178
0%
Ogden 1,970
0%
Olin 652
0%
Ollie 196
0%
Onawa 2,795
0%
Onslow 198
0%
Orchard 64
0%
Orient 363
0%
Osterdock 45
0%
Otho 417
0%
Oto 71
0%
Otranto 34
0%
Ottosen 41
0%
Owasa 30
0%
Oxford 715
0%
Oxford Junction 424
0%
Pacific Junction 99
0%
Packwood 186
0%
Palo 1,554
0%
Panama 234
0%
Panora 1,096
0%
Panorama Park 142
0%
Park View 2,861
0%
Parnell 190
0%
Paton 217
0%
Patterson 176
0%
Percival 115
0%
Persia 292
0%
Peterson 321
0%
Pilot Mound 155
0%
Pisgah 248
0%
Plainview 10
0%
Plano 57
0%
Pleasant Hill 11,942
0%
Pleasanton 32
0%
Pleasant Plain 83
0%
Pleasantville 1,696
0%
Plover 52
0%
Portland 14
0%
Portsmouth 187
0%
Postville 2,418
0%
Prairieburg 156
0%
Preston 940
0%
Promise City 91
0%
Pulaski 259
0%
Quasqueton 587
0%
Radcliffe 540
0%
Rake 179
0%
Ralston 76
0%
Randalia 53
0%
Randall 156
0%
Rathbun 44
0%
Reasnor 157
0%
Redfield 719
0%
Renwick 228
0%
Rhodes 269
0%
Richland 532
0%
Rickardsville 204
0%
Ricketts 105
0%
Ridgeway 261
0%
Rinard 38
0%
Rippey 217
0%
Riverdale 385
0%
Riverton 243
0%
Rock Falls 143
0%
Rodman 28
0%
Rodney 43
0%
Rolfe 505
0%
Rome 112
0%
Rose Hill 156
0%
Roseville 12
0%
Rossie 46
0%
Rowan 118
0%
Rowley 264
0%
Royal 379
0%
Runnells 467
0%
Rutland 116
0%
Ryan 348
0%
Sabula 498
0%
Sageville 104
0%
Salix 303
0%
Sandusky 355
0%
Sandyville 59
0%
Saylorville 3,559
0%
Scarville 75
0%
Scranton 496
0%
Searsboro 129
0%
Sexton 14
0%
Seymour 646
0%
Shambaugh 161
0%
Shannon City 73
0%
Sharpsburg 69
0%
Sheffield 1,123
0%
Sheldahl 312
0%
Sherrill 176
0%
Sigourney 1,974
0%
Slater 1,626
0%
Smithland 184
0%
Soldier 176
0%
Somers 121
0%
South Amana 126
0%
South English 196
0%
Sperry 93
0%
Spillville 371
0%
Spragueville 92
0%
Springbrook 145
0%
Spring Hill 68
0%
Stacyville 436
0%
Stanhope 354
0%
Stanley 86
0%
St. Anthony 77
0%
Stanton 664
0%
Stanwood 612
0%
State Center 1,403
0%
St. Benedict 20
0%
St. Charles 648
0%
St. Donatus 123
0%
Steamboat Rock 261
0%
St. Joseph 78
0%
Stockport 272
0%
Stockton 171
0%
St. Olaf 102
0%
Stone City 122
0%
Stout 194
0%
Stratford 688
0%
Sun Valley Lake 162
0%
Swaledale 136
0%
Swan 79
0%
Swea City 545
0%
Swedesburg 87
0%
Tabor 983
0%
Templeton 337
0%
Tennant 83
0%
Thayer 48
0%
Thompson 478
0%
Thor 182
0%
Thornburg 46
0%
Thornton 394
0%
Thurman 162
0%
Tingley 146
0%
Titonka 491
0%
Toeterville 14
0%
Toronto 101
0%
Trenton 37
0%
Truesdale 64
0%
Turin 69
0%
Twin Lakes 535
0%
Udell 31
0%
Underwood 973
0%
Unionville 74
0%
University Park 476
0%
Vail 383
0%
Valeria 41
0%
Van Horne 768
0%
Van Wert 175
0%
Varina 69
0%
Villisca 1,106
0%
Vincent 125
0%
Vining 53
0%
Volga 200
0%
Wadena 201
0%
Walford 1,357
0%
Walker 671
0%
Wallingford 154
0%
Walnut 728
0%
Washburn 658
0%
Washta 206
0%
Waterville 112
0%
Waucoma 235
0%
Wayland 935
0%
Webb 139
0%
Weldon 134
0%
Wellman 1,531
0%
Welton 124
0%
Wesley 382
0%
West Amana 45
0%
West Bend 770
0%
West Burlington 3,249
0%
West Chester 147
0%
Westgate 190
0%
West Liberty 3,724
0%
Weston 167
0%
Westphalia 133
0%
West Point 903
0%
Westside 283
0%
Westwood 96
0%
Wever 190
0%
What Cheer 595
0%
Whiting 725
0%
Whittemore 478
0%
Whitten 98
0%
Willey 72
0%
Williamson 126
0%
Wilton 2,914
0%
Windsor Heights 5,106
0%
Winfield 1,006
0%
Winthrop 814
0%
Wiota 91
0%
Woden 183
0%
Woodburn 133
0%
Woolstock 141
0%
Worthington 374
0%
Yarmouth 94
0%
Yetter 19
0%
Yorktown 60
0%
Zwingle 86
0%
No matching quizzes found
Score Distribution
Percent of People with Each Score
Percentile by Number Answered
Your Score History
You have not taken this quiz